01239cam a2200325 i 450000100060000000300100000600500170001600700030003300800410003602000180007704000350009508400110013010000430014124500440018425000220022826400290025030000480027933600270032733700330035433800280038750001040041550400430051958600740056265000470063665000290068365000360071294200150074899900170076395201330078057300CO-BoRNBP20250616114604.0ta160531s2015 ck a gr 000 fdspa d a9789585895294 aCO-BoRNBPbspaerdacCO-BoRNBP aC CAR11 aCarvajal, Lizardod1979-eautor96026210aMalaïka la princesacLizardo Carvajal aPrimera edición 1aBogotábLuaBooksc2015 a98 páginasbilustraciones a colorc20 cm. 2rdacontentatextobtxt 2rdamediaasin mediaciónbn 2rdacarrieravolumenbnc a"Una de las formas más sutiles y bellas de hablar el tema de la muerte con los niños"--Cubierta aContiene datos biográficos del autor aChildren's audience award Latin American Film Festival, Toronto, 201507aLibros ilustrados para niños2LEMB9200107aCuentos infantiles2LEMB07aLiteratura infantil2LEMB92746 2loccBKLIT c57300d57300 00102ddc40708INFaMEMACAREbMEMACAREcSInfd2025-06-16l0o16/06/2025pLM02123r2025-06-16 11:48:04tEj.1w2025-06-16yBKLIT